Estatísticas para TIMES DE FUTEBOL

Clique aqui para jogar o quiz

Estatísticas Gerais

  • Esse quiz foi jogado 4 034 vezes
  • A pontuação média é 58 de 120

Estatísticas das Respostas

Resposta% Correto
Real Madrid
96%
Porto
93%
Fortaleza
85%
Fluminense
84%
Paris Saint-Germain
84%
Arsenal
81%
Boca Juniors
80%
Chelsea
80%
Wolverhampton
80%
Palmeiras
77%
Ceará
76%
Lyon
76%
São Paulo
76%
Zenit
76%
Liverpool
75%
Manchester City
75%
Flamengo
74%
Internacional
73%
Milan
73%
Monaco
72%
Corinthians
68%
Real Sociedad
68%
Atletico Mineiro
67%
Barcelona
67%
Borussia Dortmund
67%
Roma
67%
America Mineiro
66%
Racing
66%
Sevilla
66%
Tottenham
65%
San Lorenzo
64%
Villarreal
64%
Getafe
63%
Crb
62%
Valencia
62%
Nacional
61%
Celta de Vigo
60%
Atletico de Madrid
59%
Cruzeiro
59%
Eintracht Frankfurt
59%
Santos
59%
La Galaxy
58%
Real Betis
58%
Benfica
56%
Defensa y Justicia
56%
Juventus
56%
Santa Cruz
56%
Borussia Mönchengladbach
55%
Bayern de Munique
54%
Botafogo
54%
Fulham
54%
Napoli
54%
Galatasaray
53%
Sampdoria
53%
Burnley
51%
Grêmio
51%
Hoffenheim
51%
Girona
50%
Atlanta United
49%
West Ham
49%
Saint-Etienne
48%
Sampaio Correa
48%
Bologna
47%
Dinamo Zagreb
46%
Internazionale
46%
Strasbourg
45%
Udinese
43%
Besiktas
42%
Celtic
41%
Union Berlin
41%
Colonia
39%
Leicester City
39%
Newcastle
39%
Newells Old Boys
39%
Estrela Vermelha
38%
Fiorentina
38%
Hull City
38%
Spal
38%
Velez Sarsfield
38%
Huracan
37%
Basel
36%
Olympique Marseille
36%
Tombense
36%
Genoa
35%
Dijon
34%
Schalke 04
34%
Apoel
33%
La Coruña
33%
Sporting Cristal
32%
Vitoria de Guimarães
32%
Werder Bremen
32%
Atlas
31%
Nottingham Forest
31%
Swansea city
31%
Once Caldas
30%
Talleres
30%
Toulouse
30%
Universitario
30%
Amiens
29%
Cska Moscou
28%
Atletico Tucuman
26%
Monterrey
26%
Nürnberg
26%
Tondela
26%
Olympiacos
23%
Freiburg
22%
Hannover 96
22%
Vitesse
21%
Audax Italiano
20%
Caldense
17%
Liverpool do Uruguai
16%
Nacional do Paraguai
16%
Augsburg
15%
Arminia
14%
Danubio
14%
Spartak Moscou
14%
Fortuna Düsseldorf
13%
Estrela da Amadora
9%
Rosenborg
9%
Antalyaspor
4%

Distribuição das Pontuações

Percentil de Números Respondidos

Porcentagem de Pessoas com Cada Pontuação

Sua Pontuação Histórica

Você não jogou esse quiz